000 01489cab a2200217 4500
001 L130501
008 050808n2005 000 0 eng u
035 _a(Sirsi) u130501
041 _aeng
100 _aDutch, Claire
245 2 _aA new dawn?
260 _c2005
490 _aEstates Gazette
_v(0530) 30 July 2005, 80-82(3)
520 _aDiscusses the efficacy of the Planning and Compulsory Purchase Act 2004 in reforming the planning system to make it fairer, faster and more efficient. Looks at the effect the Act has had on development plans, and development control provisions such as temporary stop notices, SoS provisions, correction of errors and compulsory purchase. Continues with a look at future changes in local development orders, outline planning permissions, duration of planning permissions, planning obligations, twin tracking, mezzanines, the end to Crown immunity, the standard application form and major planning applications. Concludes that although the reforms are aimed at improving the efficiency of the planning system, some consider the changes impose further burdens on under-resourced local authority planning departments.
590 _aIKA160805
650 _aPLANNING AND COMPULSORY PURCHASE ACT 2004
650 _aR (ON THE APPLICATION OF MARTIN GRANT HOMES LTD) V WEALDEN DC
650 _aNORTHAMPTON BC V SOS HOME DEPARTMENT AND ANOTHER
690 _aENVIRONMENTAL AND LAND CONSULTANCY-PLANNING AND DEVELOPMENT-PLANNING REFORM
942 _n0
999 _c75656
_d75656